Detalles MARC
| 000 -CABECERA |
| campo de control de longitud fija |
01171cam a2200277 a 4500 |
| 001 - NÚMERO DE CONTROL |
| campo de control |
000015179 |
| 005 - FECHA Y HORA DE LA ÚLTIMA TRANSACCIÓN |
| campo de control |
20200929163957.0 |
| 008 - DATOS DE LONGITUD FIJA--INFORMACIÓN GENERAL |
| campo de control de longitud fija |
910306s1987 ec a b 000 0 spa |
| 040 ## - FUENTE DE LA CATALOGACIÓN |
| Centro catalogador/agencia de origen |
DO-SdBNP |
| Centro/agencia transcriptor |
DLC |
| 043 ## - CÓDIGO DE ÁREA GEOGRÁFICA |
| Código de área geográfica |
s-ec--- |
| 082 ## - NÚMERO DE LA CLASIFICACIÓN DECIMAL DEWEY |
| Número de clasificación |
255.539866 |
| Número de documento/Ítem |
J58 |
| 049 ## - FONDOS LOCALES (OCLC) |
| Fondos de biblioteca |
BNGR |
| 245 04 - MENCIÓN DE TÍTULO |
| Título |
Los Jesuitas en el Ecuador / |
| Mención de responsabilidad, etc. |
con textos de Alejandro Carrión ... [et al.] y un apéndice conteniendo el mensaje del Padre General Peter-Hans Kolvenbach. |
| 260 ## - PUBLICACIÓN, DISTRIBUCIÓN, ETC. |
| Lugar de publicación, distribución, etc. |
Quito : |
| Nombre del editor, distribuidor, etc. |
Casa de la Cultura Ecuatoriana "Benjamin Carrion" : |
| -- |
Comisión Nacional Permanente de Conmemoraciones Cívicas, |
| Fecha de publicación, distribución, etc. |
1987. |
| 300 ## - DESCRIPCIÓN FÍSICA |
| Extensión |
176 p. : |
| Otras características físicas |
il. ; |
| Dimensiones |
18 cm. |
| 490 1# - MENCIÓN DE SERIE |
| Mención de serie |
Contribución al quinto centenario del descubrimiento de América |
| Designación de volumen o secuencia |
4 |
| 504 ## - NOTA DE BIBLIOGRAFÍA, ETC. |
| Nota de bibliografía, etc. |
Incluye referencias bibliográficas. |
| 610 20 - PUNTO DE ACCESO ADICIONAL DE MATERIA--NOMBRE DE ENTIDAD CORPORATIVA |
| Nombre de entidad corporativa o nombre de jurisdicción como elemento de entrada |
JESUITAS |
| Subdivisión geográfica |
ECUADOR |
| Subdivisión general |
HISTORIA. |
| 9 (RLIN) |
34377 |
| 650 #4 - PUNTO DE ACCESO ADICIONAL DE MATERIA--TÉRMINO DE MATERIA |
| Término de materia o nombre geográfico como elemento de entrada |
Iglesia |
| Subdivisión geográfica |
Ecuador. |
| Subdivisión general |
Historia |
| 9 (RLIN) |
34378 |
| 700 1# - PUNTO DE ACCESO ADICIONAL--NOMBRE DE PERSONA |
| Nombre de persona |
Carrión, Alejandro |
| 9 (RLIN) |
13388 |
| 700 1# - PUNTO DE ACCESO ADICIONAL--NOMBRE DE PERSONA |
| Nombre de persona |
Lara, Jorge Salvador |
| 9 (RLIN) |
34379 |
| 700 1# - PUNTO DE ACCESO ADICIONAL--NOMBRE DE PERSONA |
| Nombre de persona |
Terán Durati, Julio |
| 9 (RLIN) |
34380 |
| 700 1# - PUNTO DE ACCESO ADICIONAL--NOMBRE DE PERSONA |
| Nombre de persona |
Villalva, Jorge |
| 9 (RLIN) |
34381 |
| 830 #0 - PUNTO DE ACCESO ADICIONAL DE SERIE-TÍTULO UNIFORME |
| Título uniforme |
Contribución al quinto centenario del descubrimiento de América ; |
| Designación de volumen o secuencia |
4 |
| 9 (RLIN) |
34071 |
| 910 ## - DATOS DE OPCIÓN DEL USUARIO (OCLC) |
| Datos de opción del usuario |
Catalogación por copia / LC |